Obchodovanie cez internet z pohľadu daní

Právny základ internetového obchodovania. Internetový obchod z hľadiska účtovníctva a DPH. Internetový predaj tovaru v rámci tuzemska. Dodanie tovaru prostredníctvom internetu v rámci EÚ osobám neidentifikovaným pre DPH a osobám identifikovaným pre DPH. Elektronicky dodávané služby. Osobitná úprava...

Descripción completa

Guardado en:
Detalles Bibliográficos
Autor principal: Kolembus, Anton
Formato: Capítulo de libro
Lenguaje:eslovaco
Materias:
Etiquetas: Agregar Etiqueta
Sin Etiquetas, Sea el primero en etiquetar este registro!

MARC

LEADER 00000naa a2200000 4500
001 0235791
005 20221104111116.6
041 0 |a slo 
044 |a SK 
245 1 0 |a Obchodovanie cez internet z pohľadu daní  |c Anton Kolembus 
520 |a Právny základ internetového obchodovania. Internetový obchod z hľadiska účtovníctva a DPH. Internetový predaj tovaru v rámci tuzemska. Dodanie tovaru prostredníctvom internetu v rámci EÚ osobám neidentifikovaným pre DPH a osobám identifikovaným pre DPH. Elektronicky dodávané služby. Osobitná úprava uplatňovania dane pri elektronických službách. 
610 2 0 |a obchod elektronický 
610 2 0 |a internet 
610 2 0 |a tovar 
610 2 0 |a služby 
610 2 0 |a účtovníctvo 
610 2 0 |a dane z hodnoty pridanej 
610 2 0 |a obchod zahraničný 
610 2 0 |a legislatíva 
610 2 0 |a Európska únia 
100 1 |a Kolembus, Anton